000
00332nam a2200145Ia 4500
008
150201s2009 xx 000 0 und d
082
_a
610.7368
_b
E09K
100
_a
KUMAR , N.
245
_a
ESSENTIALE OF PSYCHIATRIC
250
_a
1ST
260
_b
AITBS
_a
DELHI
_c
2009
300
_a
223
650
_a
PSYCHIATRY
942
_2
ddc
_c
BK
999
_c
1955
_d
1955